[Event "Dublin Irish op"]
[Site "Dublin"]
[Date "2019.04.21"]
[Round "8"]
[White "Wang, Eric3333"]
[Black "Sokolinsky, Yaakov"]
[Result "0-1"]
[WhiteElo "1268"]
[BlackElo "1884"]
[PlyCount "48"]
[EventDate "2019.04.17"]
[EventType "swiss"]
[EventRounds "9"]
[EventCountry "IRL"]
[SourceTitle "CBM 190 Extra"]
[Source "ChessBase"]
[SourceDate "2019.07.15"]
[SourceVersion "1"]
[SourceVersionDate "2019.07.15"]
[SourceQuality "1"]

1. e4 c6 2. d4 d5 3. Nc3 dxe4 4. Nxe4 Bf5 5. Ng3 Bg6 6. Nf3 Nd7 7. Bc4 e6 8. 0-0 Bd6 9. Be3 Ngf6 10. Nh4 Nd5 11. Nxg6 hxg6 12. Ne4 Bxh2+ 13. Kh1 Qh4 14. Ng5 Nxe3 15. fxe3 Qxg5 16. g4 Qh4 17. Qe2 Bf4+ 18. Kg1 Qg3+ 19. Qg2 Bxe3+ 20. Rf2 Bxf2+ 21. Kf1 Qf4 22. Qxf2 Rh1+ 23. Kg2 Rh2+ 24. Kg1 Qxf2# 0-1

[Event "Dublin Irish op"]
[Site "Dublin"]
[Date "2019.04.18"]
[Round "3"]
[White "Murphy, Sean1111"]
[Black "Sokolinsky, Yaakov"]
[Result "1-0"]
[WhiteElo "1853"]
[BlackElo "1884"]
[PlyCount "59"]
[EventDate "2019.04.17"]
[EventType "swiss"]
[EventRounds "9"]
[EventCountry "IRL"]
[SourceTitle "CBM 189 Extra"]
[Source "ChessBase"]
[SourceDate "2019.06.03"]
[SourceVersion "1"]
[SourceVersionDate "2019.06.03"]
[SourceQuality "1"]

1. d4 d5 2. c4 e6 3. Nc3 c6 4. e4 dxe4 5. Nxe4 Bb4+ 6. Bd2 Qxd4 7. Bxb4 Qxe4+ 8. Be2 Na6 9. Ba5 b6 10. Qd6 Bd7 11. Bc3 Nf6 12. 0-0-0 0-0-0 13. c5 Nxc5 14. Be5 Kb7 15. Bf3 Qa4 16. Qc7+ Ka8 17. Rxd7 Nd3+ 18. Rxd3 Nd5 19. Bxd5 cxd5 20. Qc2 Qd7 21. Rc3 Rc8 22. Kb1 f6 23. Rc7 Rxc7 24. Qxc7 Qb5 25. Bd6 Qd3+ 26. Qc2 Qf1+ 27. Qc1 Qd3+ 28. Ka1 Qb5 29. Nf3 e5 30. Qc7 1-0